Statystyki dla Członkowie Genzie

Kliknij tutaj aby rozwiązać quiz!

Ogólne statystyki

  • Ten quiz został rozwiązany 1 098 razy
    (775 od ostatniego zresetowania)
  • Średni wynik to 6 z 8

Statystyki odpowiedzi

SubskrybcjeOdpowiedź% Poprawnych
1,06 mlnMortalcio
91%
281 tyś.Hi Hania
88%
236 tyśBartek Kubicki
86%
341 tyś.Fausti
84%
530 tyś.Kartonii
81%
0Bartek Laskowski
66%
0Julita Różalska
45%
0Oliwier Kałużny
38%

Rozkład punktacji

Percentyl według liczby udzielonych odpowiedzi

Procent ludzi z każdym wynikiem

Twoja historia wyników

Nie rozwiązałeś tego quizu od ostatniego zresetowania